[Event "Santa Rosa Villarreal Memorial 29th"]
[Site "Santa Rosa"]
[Date "2023.12.09"]
[Round "5"]
[White "Garcia, Kevin"]
[Black "Ardiles, Manuel"]
[Result "1-0"]
[WhiteElo "1877"]
[BlackElo "1755"]
[PlyCount "69"]
[EventDate "2023.12.08"]
[EventType "swiss"]
[EventRounds "7"]
[EventCountry "ARG"]
[SourceTitle "CBM 217 Extra"]
[Source "ChessBase"]
[SourceDate "2024.01.31"]
[SourceVersion "1"]
[SourceVersionDate "2024.01.31"]
[SourceQuality "1"]

1. e4 e5 2. Nf3 Nc6 3. Bb5 a6 4. Ba4 d6 5. 0-0 Bg4 6. c3 Qf6 7. Bxc6+ bxc6 8. d4 Bxf3 9. gxf3 h5 10. Kh1 g5 11. Be3 Bh6 12. Nd2 Ne7 13. Rg1 g4 14. fxg4 Bf4 15. g5 Qe6 16. Bxf4 exf4 17. Qf3 Ng6 18. e5 d5 19. c4 dxc4 20. Rac1 Qd5 21. Rxc4 Nh4 22. Qxd5 cxd5 23. Rxc7 Nf5 24. Nb3 Rg8 25. Rgc1 Rxg5 26. Rc8+ Rxc8 27. Rxc8+ Kd7 28. Ra8 Ne3 29. Ra7+ Ke6 30. Nc5+ Kf5 31. Rxf7+ Kg4 32. fxe3 Kf3 33. Rxf4+ Kxe3 34. Rf1 Kxd4 35. Ne6+ 1-0

[Event "Moron Perez Cup U2200 sf"]
[Site "Moron"]
[Date "2019.08.02"]
[Round "4.7"]
[White "Ardiles, Manuel"]
[Black "Solano, Pablo"]
[Result "1-0"]
[WhiteElo "1755"]
[BlackElo "1914"]
[PlyCount "59"]
[EventDate "2019.07.29"]
[EventType "swiss"]
[EventRounds "6"]
[EventCountry "ARG"]
[SourceTitle "EXT 2024"]
[Source "ChessBase"]
[SourceDate "2023.10.10"]
[SourceVersion "1"]
[SourceVersionDate "2023.10.10"]
[SourceQuality "1"]

1. d4 d6 2. e4 Nf6 3. Nc3 g6 4. f3 Nbd7 5. Be3 e5 6. Qd2 exd4 7. Bxd4 Bg7 8. 0-0-0 0-0 9. g4 c6 10. g5 Ne8 11. Bxg7 Kxg7 12. h4 Qa5 13. h5 Nb6 14. Kb1 Be6 15. f4 Bg4 16. hxg6 fxg6 17. Qh2 Rh8 18. Be2 Bxe2 19. Ngxe2 Nc4 20. Nc1 Qb4 21. Nb3 a5 22. Rd3 Kf7 23. Rh3 a4 24. Rxh7+ Rxh7 25. Qxh7+ Ng7 26. Rh6 axb3 27. Qxg6+ Kg8 28. Qh7+ Kf7 29. Rf6+ Ke8 30. Qg8+ 1-0

[Event "Buenos Aires Faogba 35th"]
[Site "Buenos Aires"]
[Date "2018.11.13"]
[Round "1.2"]
[White "Barrionuevo, Pablo"]
[Black "Ardiles, Manuel"]
[Result "1-0"]
[WhiteElo "2261"]
[BlackElo "1755"]
[PlyCount "53"]
[EventDate "2018.11.13"]
[EventType "swiss"]
[EventRounds "7"]
[EventCountry "ARG"]
[SourceTitle "EXT 2024"]
[Source "ChessBase"]
[SourceDate "2023.10.10"]
[SourceVersion "1"]
[SourceVersionDate "2023.10.10"]
[SourceQuality "1"]

1. e4 e5 2. Nf3 Nc6 3. Bb5 Nf6 4. 0-0 Qe7 5. Re1 a6 6. Ba4 b5 7. Bb3 Na5 8. d4 Nxb3 9. axb3 Bb7 10. Nxe5 c5 11. Nc3 0-0-0 12. Bg5 d6 13. Nd5 Bxd5 14. exd5 dxe5 15. dxe5 Qb7 16. exf6 g6 17. Qg4+ Kb8 18. c4 h5 19. Qf3 h4 20. Re7 Bxe7 21. fxe7 Rde8 22. Qxf7 bxc4 23. bxc4 h3 24. Bf4+ Ka7 25. Bd6 Qb4 26. Qxg6 a5 27. Qe6 1-0

[Event "Moron Philidor CC op 17th"]
[Site "Moron"]
[Date "2018.09.06"]
[Round "2"]
[White "Ardiles, Manuel"]
[Black "Perez Wertheim, Rodolfo"]
[Result "1-0"]
[WhiteElo "1764"]
[BlackElo "1926"]
[PlyCount "79"]
[EventDate "2018.09.04"]
[EventType "swiss"]
[EventRounds "6"]
[EventCountry "ARG"]
[SourceTitle "CBM 186 Extra"]
[Source "ChessBase"]
[SourceDate "2018.08.24"]
[SourceVersion "1"]
[SourceVersionDate "2018.08.24"]
[SourceQuality "1"]

1. d4 Nf6 2. e3 d6 3. f4 g6 4. Bd3 Bg7 5. Nf3 0-0 6. 0-0 Nbd7 7. e4 e5 8. fxe5 dxe5 9. Bg5 h6 10. Bh4 g5 11. Bg3 Ng4 12. Qe1 exd4 13. e5 Nc5 14. Na3 Nxd3 15. cxd3 Ne3 16. Rf2 c5 17. Rc1 g4 18. Nd2 b6 19. Ndc4 Nf5 20. Qe4 Nxg3 21. Qxa8 Qg5 22. Re1 Bf5 23. Qxa7 Nh5 24. Nd6 Be6 25. g3 Bxe5 26. Nac4 Bxd6 27. Nxd6 Nf6 28. Qxb6 Nd7 29. Qc7 Qd5 30. Ne4 f5 31. Nd2 Qxa2 32. Qd6 Rf6 33. Rfe2 Qd5 34. Qe7 Bf7 35. Qd8+ Kg7 36. Re7 Rd6 37. Nc4 Ne5 38. Qxd6 Nf3+ 39. Kf2 Nxe1 40. Qxd5 1-0

[Event "Moron Amateur-ch"]
[Site "Moron"]
[Date "2018.07.21"]
[Round "3"]
[White "Tomeo, Nicolas"]
[Black "Ardiles, Manuel"]
[Result "1-0"]
[WhiteElo "2103"]
[BlackElo "1742"]
[PlyCount "91"]
[EventDate "2018.07.17"]
[EventType "swiss"]
[EventRounds "7"]
[EventCountry "ARG"]
[SourceTitle "EXT 2019"]
[Source "ChessBase"]
[SourceDate "2018.10.10"]
[SourceVersion "1"]
[SourceVersionDate "2018.10.10"]
[SourceQuality "1"]

1. Nf3 d5 2. d4 Nf6 3. c4 e6 4. Nc3 c6 5. e3 Nbd7 6. Qc2 b6 7. Be2 Bb7 8. a3 Rc8 9. b4 Ba6 10. b5 cxb5 11. cxb5 Ne4 12. Bb2 Nxc3 13. Bxc3 Qc7 14. 0-0 Nf6 15. Qa4 Bb7 16. Rac1 Qb8 17. Bb4 Ne4 18. Bxf8 Rxf8 19. Rxc8+ Bxc8 20. Rc1 f6 21. Bd3 Rf7 22. Qc2 Bb7 23. Nd2 Nxd2 24. Qxd2 f5 25. Qc3 Qd6 26. a4 Kd8 27. a5 Rc7 28. Qxc7+ Qxc7 29. Rxc7 Kxc7 30. a6 Bc8 31. g4 g6 32. Kg2 Kd6 33. Kg3 fxg4 34. Kxg4 e5+ 35. Kg5 e4 36. Be2 Bh3 37. Kh6 Ke7 38. Kxh7 Kf6 39. Kg8 g5 40. Kf8 Bd7 41. Bf1 Bg4 42. Ke8 Bd1 43. Kd7 Bc2 44. Kc6 Bd3 45. Bh3 Bc4 46. Kb7 1-0

[Event "Buenos Aires Philidor CC op"]
[Site "Buenos Aires"]
[Date "2017.11.07"]
[Round "1"]
[White "Herrera, Pablo Francisco"]
[Black "Ardiles, Manuel"]
[Result "1-0"]
[WhiteElo "2080"]
[BlackElo "1912"]
[PlyCount "53"]
[EventDate "2017.11.07"]
[EventType "swiss"]
[EventRounds "7"]
[EventCountry "ARG"]
[SourceTitle "CBM 181 Extra"]
[Source "ChessBase"]
[SourceDate "2017.12.12"]
[SourceVersion "1"]
[SourceVersionDate "2017.12.12"]
[SourceQuality "1"]

1. Nf3 c5 2. e4 g6 3. d4 cxd4 4. Nxd4 Bg7 5. c4 Nc6 6. Be3 Nf6 7. Nc3 Ng4 8. Qxg4 Nxd4 9. Qd1 e5 10. Bd3 d6 11. 0-0 0-0 12. Qd2 Qh4 13. Bg5 Qh5 14. Be7 Bh3 15. Be2 Nxe2+ 16. Qxe2 Qxe2 17. Nxe2 Rfe8 18. Bxd6 Bg4 19. Nc3 Rac8 20. b3 Rcd8 21. Bb4 b6 22. Nd5 Kh8 23. f3 Bd7 24. Rad1 f5 25. Nc7 Rg8 26. Be7 fxe4 27. fxe4 1-0

[Event "Moron Philidor CC U2200 15th"]
[Site "Buenos Aires"]
[Date "2017.09.19"]
[Round "5"]
[White "Ardiles, Manuel"]
[Black "Romero, Mario Velasco"]
[Result "1-0"]
[WhiteElo "1785"]
[BlackElo "1582"]
[PlyCount "43"]
[EventDate "2017.09.12"]
[EventType "swiss"]
[EventRounds "7"]
[EventCountry "ARG"]
[SourceTitle "CBM 180 Extra"]
[Source "ChessBase"]
[SourceDate "2017.10.06"]
[SourceVersion "1"]
[SourceVersionDate "2017.10.06"]
[SourceQuality "1"]

1. e4 e5 2. Nf3 Nc6 3. Bc4 Nf6 4. Ng5 d5 5. exd5 Na5 6. Bb5+ c6 7. dxc6 bxc6 8. Bd3 h6 9. Ne4 Bf5 10. Nxf6+ Qxf6 11. Bxf5 Qxf5 12. 0-0 Bd6 13. d3 0-0 14. Nc3 Rae8 15. Ne4 Bc7 16. Bd2 Nb7 17. Bb4 Qe6 18. Bxf8 Rxf8 19. Re1 f5 20. Ng3 g6 21. c3 Qf6 22. Qb3+ 1-0

[Event "Moron Philidor CC U2200 15th"]
[Site "Buenos Aires"]
[Date "2017.09.12"]
[Round "1"]
[White "Brunsteins, Daniel Bernardo"]
[Black "Ardiles, Manuel"]
[Result "1-0"]
[WhiteElo "1871"]
[BlackElo "1785"]
[PlyCount "75"]
[EventDate "2017.09.12"]
[EventType "swiss"]
[EventRounds "7"]
[EventCountry "ARG"]
[SourceTitle "CBM 180 Extra"]
[Source "ChessBase"]
[SourceDate "2017.10.06"]
[SourceVersion "1"]
[SourceVersionDate "2017.10.06"]
[SourceQuality "1"]

1. Nf3 d5 2. d4 Nf6 3. g3 e6 4. Bg2 Be7 5. c4 c6 6. 0-0 0-0 7. Qc2 Nbd7 8. b3 Re8 9. Bb2 Nf8 10. Nbd2 Ng6 11. e4 dxe4 12. Nxe4 Nh5 13. Rad1 f5 14. Nc3 Bf6 15. Rfe1 Nf8 16. Qe2 g5 17. Nxg5 Nxg3 18. hxg3 Bxg5 19. d5 Bd7 20. dxc6 bxc6 21. Na4 Qe7 22. Be5 Ng6 23. Bd6 Qf7 24. Nc5 Rac8 25. Bf4 Bxf4 26. Rxd7 Qxd7 27. Nxd7 Bg5 28. Ne5 Bf6 29. Nxc6 Kf7 30. Nxa7 Rcd8 31. Nb5 f4 32. Be4 fxg3 33. Bxg6+ hxg6 34. fxg3 Bg5 35. Rf1+ Kg7 36. Qe5+ Kh6 37. Nd4 Bd2 38. Rf2 1-0

[Event "Moron-River Plate m"]
[Site "Moron"]
[Date "2017.09.01"]
[Round "1.18"]
[White "Beroldo, Eduardo"]
[Black "Ardiles, Manuel"]
[Result "1/2-1/2"]
[WhiteElo "1441"]
[BlackElo "1785"]
[PlyCount "92"]
[EventDate "2017.09.01"]
[EventType "team-match"]
[EventRounds "1"]
[EventCountry "ARG"]
[SourceTitle "EXT 2019"]
[Source "ChessBase"]
[SourceDate "2018.10.10"]
[SourceVersion "1"]
[SourceVersionDate "2018.10.10"]
[SourceQuality "1"]
[WhiteTeam "Ajedrez River Plate"]
[BlackTeam "Club Philidor Moron"]
[WhiteTeamCountry "ARG"]
[BlackTeamCountry "ARG"]

1. d4 Nf6 2. Bf4 d5 3. Nf3 e6 4. e3 Bd6 5. Ne5 0-0 6. Bd3 Nc6 7. c3 Ne7 8. Nd2 c5 9. 0-0 cxd4 10. cxd4 Ng6 11. Bg3 Qb6 12. b3 Bb4 13. Rc1 Qa5 14. Rc2 Bxd2 15. Rxd2 Ne4 16. Bxe4 dxe4 17. Rc2 Ne7 18. Qb1 b6 19. Rc7 Nd5 20. Rc4 Ba6 21. Nc6 Qd2 22. Rc2 Qd3 23. Rd1 Nc3 24. Rxc3 Qxc3 25. Rc1 Qd3 26. Qb2 Bb7 27. Ne5 Qb5 28. h4 Rac8 29. Nc4 Qh5 30. Qd2 b5 31. Nd6 Rxc1+ 32. Qxc1 Ba8 33. Nc8 Qe2 34. Qc5 h6 35. Bf4 Qe1+ 36. Kh2 Qxf2 37. Kh3 Qf1 38. Ne7+ Kh7 39. Qh5 Qh1+ 40. Kg3 Bb7 41. Qg4 Bc8 42. Be5 g6 43. Qf4 f5 44. Bd6 Re8 45. Qe5 Qe1+ 46. Kh3 Qh1+ 1/2-1/2

[Event "Pan American-ch U2000"]
[Site "Carilo Village"]
[Date "2016.10.25"]
[Round "1"]
[White "Dubrovich, Igor"]
[Black "Ardiles, Manuel"]
[Result "1-0"]
[WhiteElo "1801"]
[BlackElo "1932"]
[PlyCount "47"]
[EventDate "2016.10.25"]
[EventType "swiss"]
[EventRounds "9"]
[EventCountry "ARG"]
[SourceTitle "EXT 2022"]
[Source "ChessBase"]
[SourceDate "2021.10.06"]
[SourceVersion "1"]
[SourceVersionDate "2021.10.06"]
[SourceQuality "1"]

1. e4 d5 2. exd5 Qxd5 3. Nc3 Qa5 4. d4 e6 5. Nf3 Bb4 6. Bd2 Nf6 7. a3 Bxc3 8. Bxc3 Qd5 9. Bd3 0-0 10. Qe2 Nc6 11. 0-0-0 a6 12. Ne5 b5 13. g4 g6 14. g5 Nh5 15. Nxc6 Qxc6 16. Be4 Nf4 17. Qf3 Nd5 18. Bb4 Re8 19. h4 a5 20. Bc5 Qd7 21. h5 Ra6 22. hxg6 fxg6 23. Rh4 Ne7 24. Rxh7 1-0

[Event "Buenos Aires Perez Cup"]
[Site "Buenos Aires"]
[Date "2016.05.10"]
[Round "1"]
[White "Ardiles, Manuel"]
[Black "Herrera, Pablo"]
[Result "0-1"]
[WhiteElo "1825"]
[BlackElo "2077"]
[PlyCount "58"]
[EventDate "2016.05.10"]
[EventType "swiss"]
[EventRounds "7"]
[EventCountry "ARG"]
[SourceTitle "CBM 172 Extra"]
[Source "ChessBase"]
[SourceDate "2016.06.21"]
[SourceVersion "1"]
[SourceVersionDate "2016.06.21"]
[SourceQuality "1"]

1. d4 e6 2. Nf3 Nf6 3. g3 d5 4. Bg2 c5 5. 0-0 Nc6 6. c3 Bd6 7. Nbd2 0-0 8. Qc2 cxd4 9. cxd4 Bd7 10. Rd1 Nb4 11. Qb1 Bb5 12. Bf1 Rc8 13. Ne1 Qc7 14. a3 Nc2 15. Nxc2 Qxc2 16. Re1 Rc7 17. e3 Bxf1 18. Kxf1 Rfc8 19. Kg1 h5 20. Nf3 Ne4 21. Rf1 Qe2 22. Kg2 Rxc1 23. Qxc1 Rxc1 24. Raxc1 g5 25. Rc8+ Kg7 26. Rd8 g4 27. Ng1 Qxb2 28. h3 Bxg3 29. hxg4 hxg4 0-1